[Event "III Festival A"]
[Site "Ortisei - Sankt Ulrich in Groeden ITA"]
[Date "2016.06.04"]
[Round "1"]
[White "Addison, Bret C"]
[Black "Castellanos Rodriguez, Renier"]
[WhiteElo "2180"]
[BlackElo "2484"]
[Result "0-1"]
[PlyCount "172"]
[EventDate "2016.06.04"]

1. e4 c5 2. a3 e6 3. b4 b6 4. bxc5 bxc5 5. Nc3 Nc6 6. Nf3 Rb8 7. Be2 Be7 8. d3
Bf6 9. Bd2 Nge7 10. O-O O-O 11. Rb1 Ba6 12. Re1 Ng6 13. Bf1 d6 14. g3 Qd7 15.
h4 h6 16. Nh2 Rxb1 17. Nxb1 c4 18. h5 Nge7 19. Ng4 Be5 20. Nxe5 dxe5 21. dxc4
Rd8 22. Bd3 Nd4 23. Kg2 Qc7 24. Bb4 Nec6 25. Nd2 Na5 26. c5 Bb7 27. Re3 Ba8 28.
Kh3 Nb7 29. c3 Nc6 30. Ba6 Nxc5 31. Bxc5 Qa5 32. Qe2 Qxc5 33. a4 Na5 34. Bb5
Bb7 35. Nf3 Rd6 36. g4 a6 37. Bd3 Nb3 38. Bc2 Na5 39. Kg3 Rb6 40. Rd3 Rd6 41.
Rxd6 Qxd6 42. Qd2 Qc7 43. g5 Nc4 44. Qc1 Nd6 45. Qe3 hxg5 46. Nxg5 Qe7 47. Nh3
Qc7 48. f3 Ne8 49. h6 gxh6 50. Qxh6 Qxc3 51. Ng5 Qe1+ 52. Kg2 Qe2+ 53. Kg3 Qe1+
54. Kg2 Qd2+ 55. Kh3 Qf4 56. Bb3 Qf6 57. Qxf6 Nxf6 58. Kh4 a5 59. Nh3 Nd7 60.
Nf2 Nc5 61. Bc4 Nxa4 62. Ng4 Nb6 63. Nxe5 Nxc4 64. Nxc4 a4 65. Kg5 Ba6 66. Na3
Kg7 67. e5 Bd3 68. Kf4 Kg6 69. Ke3 Ba6 70. Kf4 Kh5 71. Nb1 Kh4 72. Na3 Bb7 73.
Ke3 Kg3 74. f4 Bd5 75. Nb1 Kg2 76. Ke2 Bb7 77. Na3 Ba6+ 78. Ke3 Kf1 79. Nc2 Bb7
80. Na3 Ke1 81. Nb5 Ba6 82. Na3 Kd1 83. Kd4 Kd2 84. Kc5 Kc3 85. Kb6 Bd3 86. Ka5
Kb3 0-1

[Event "III Festival A"]
[Site "Ortisei - Sankt Ulrich in Groeden ITA"]
[Date "2016.06.04"]
[Round "1"]
[White "Bauer, Claus"]
[Black "Kristensen, Kaare Hove"]
[WhiteElo "2133"]
[BlackElo "2367"]
[Result "0-1"]
[PlyCount "52"]
[EventDate "2016.06.04"]

1. d4 d5 2. Nf3 Nf6 3. e3 Bg4 4. c4 c6 5. Qb3 Qb6 6. Ne5 Be6 7. Nc3 dxc4 8.
Bxc4 Bxc4 9. Qxc4 e6 10. O-O Be7 11. e4 O-O 12. Be3 Qa6 13. f3 Qxc4 14. Nxc4
Nbd7 15. a4 Rfd8 16. Rfd1 h6 17. Rac1 Nb6 18. b3 Nxc4 19. bxc4 Bb4 20. Kf2 Ba5
21. g4 Nd7 22. c5 b6 23. f4 Bxc3 24. Rxc3 Nxc5 25. dxc5 Rxd1 26. cxb6 axb6 0-1

[Event "III Festival A"]
[Site "Ortisei - Sankt Ulrich in Groeden ITA"]
[Date "2016.06.04"]
[Round "1"]
[White "Bennett, David Michael"]
[Black "Bjerre, Jonas"]
[WhiteElo "2148"]
[BlackElo "2410"]
[Result "0-1"]
[PlyCount "81"]
[EventDate "2016.06.04"]

1. c4 g6 2. g3 Bg7 3. Bg2 d6 4. Nc3 Nc6 5. e3 e5 6. Nge2 f5 7. d3 Nf6 8. O-O
O-O 9. Rb1 Be6 10. Nd5 Rb8 11. b4 Ne7 12. Nxf6+ Bxf6 13. f4 d5 14. fxe5 Bxe5
15. c5 Bg7 16. Bb2 Bf7 17. Bxg7 Kxg7 18. b5 Ng8 19. Nd4 Nf6 20. Qd2 Re8 21.
Rfe1 h5 22. Nf3 Ng4 23. h3 Nf6 24. Qc3 c6 25. Kf2 a6 26. bxc6 bxc6 27. Nd4 Rxb1
28. Rxb1 Qe7 29. Nc2 h4 30. gxh4 Kh7 31. Qd4 Nh5 32. Rb6 f4 33. Rxc6 Qxh4+ 34.
Kg1 Qg3 35. Rc7 Kg8 36. Rxf7 Kxf7 37. Qxd5+ Kf6 38. exf4 Nxf4 39. Qd6+ Kg5 40.
h4+ Kh6 41. Qe6 0-1

[Event "III Festival A"]
[Site "Ortisei - Sankt Ulrich in Groeden ITA"]
[Date "2016.06.04"]
[Round "1"]
[White "Bertagnolli, Alexander"]
[Black "Schaefer, Michael"]
[WhiteElo "2376"]
[BlackElo "2141"]
[Result "1-0"]
[PlyCount "85"]
[EventDate "2016.06.04"]

1. e4 c5 2. Nf3 g6 3. h4 h5 4. d4 cxd4 5. Qxd4 Nf6 6. Bc4 Nc6 7. Qd3 Bg7 8. Nc3
Ng4 9. Bf4 Qb6 10. O-O Qc5 11. Nd5 Nce5 12. Bxe5 Nxe5 13. Nxe5 Bxe5 14. b4 Qd6
15. Rae1 b5 16. Bxb5 Bb7 17. Rd1 Rc8 18. c4 Bxd5 19. Qxd5 O-O 20. Qxd6 exd6 21.
f4 Bf6 22. g3 Be7 23. Rd5 Rc7 24. Rf3 Rb8 25. Ra3 Rb6 26. Kg2 Kf8 27. Kf3 Bf6
28. Ke3 Ke7 29. Kd3 Kd8 30. Rb3 a6 31. Ba4 Be7 32. Rb1 Rcb7 33. a3 Bf6 34. Kc2
Rc7 35. Kb3 Ra7 36. Rbd1 a5 37. c5 dxc5 38. e5 Bg7 39. Rxd7+ Rxd7 40. Rxd7+ Kc8
41. Rxf7 Bxe5 42. fxe5 axb4 43. Rf6 1-0

[Event "III Festival A"]
[Site "Ortisei - Sankt Ulrich in Groeden ITA"]
[Date "2016.06.04"]
[Round "1"]
[White "Codenotti, Marco"]
[Black "Roesch, Mario"]
[WhiteElo "2451"]
[BlackElo "2172"]
[Result "1-0"]
[PlyCount "171"]
[EventDate "2016.06.04"]

1. e4 e6 2. d4 d5 3. Nd2 dxe4 4. Nxe4 Nd7 5. Nf3 Ngf6 6. Nxf6+ Nxf6 7. Bd3 c5
8. c3 cxd4 9. Nxd4 Be7 10. O-O O-O 11. Bf4 Nd5 12. Bg3 a6 13. Qe2 Bf6 14. Nf3
g6 15. Rad1 Qa5 16. Be5 Bxe5 17. Nxe5 f6 18. Ng4 Nf4 19. Qf3 e5 20. Bc4+ Kg7
21. Ne3 Qc7 22. Rd2 Bd7 23. Bd5 Rad8 24. Rfd1 Bc8 25. c4 f5 26. b3 Kh8 27. h4
Rde8 28. Re1 e4 29. Qg3 Qe5 30. Nc2 Nxd5 31. Qxe5+ Rxe5 32. cxd5 Rd8 33. Ne3 b5
34. g3 Bb7 35. Rc1 Re7 36. b4 Red7 37. Rc5 Kg7 38. d6 Kf6 39. g4 Rxd6 40. Rxd6+
Rxd6 41. gxf5 Rd7 42. Ng4+ Ke7 43. fxg6 hxg6 44. Rg5 Rd1+ 45. Kh2 Kf7 46. Rc5
Ke6 47. Rc7 Bd5 48. Ra7 Rd2 49. Rxa6+ Ke7 50. a3 Be6 51. Ne5 Rxf2+ 52. Kg3 Rf6
53. Nc6+ Kf7 54. Nd4 Bc4 55. Rxf6+ Kxf6 56. Kf4 Bd3 57. Nc6 Bc2 58. Ne5 Bb1 59.
Ng4+ Ke6 60. Ne3 Bd3 61. Ng2 Bf1 62. Ne3 Bd3 63. Ng4 Bc2 64. Ke3 Kf5 65. Nh6+
Ke6 66. Kd4 Bb1 67. Ke3 Bc2 68. Kd2 Bb3 69. Ke2 Bc2 70. Ke3 Bb1 71. Kf4 Bd3 72.
Ng4 Bc2 73. Ne3 Bd3 74. Ng2 Bf1 75. Ne1 Kd5 76. Kg5 Bd3 77. Kxg6 Kc4 78. Kg5 e3
79. Kf4 e2 80. Ke3 Bg6 81. Kxe2 Kb3 82. Kd2 Kxa3 83. Kc3 Be4 84. h5 Ka4 85. h6
Ka3 86. Nf3 1-0

[Event "III Festival A"]
[Site "Ortisei - Sankt Ulrich in Groeden ITA"]
[Date "2016.06.04"]
[Round "1"]
[White "De Eccher, Stefano"]
[Black "Markus, Robert"]
[WhiteElo "2211"]
[BlackElo "2662"]
[Result "0-1"]
[PlyCount "58"]
[EventDate "2016.06.04"]

1. e4 c5 2. c4 Nc6 3. Nc3 e6 4. g3 Nf6 5. Bg2 d5 6. d3 dxc4 7. dxc4 Qxd1+ 8.
Nxd1 Nd4 9. Ne3 Bd6 10. Ne2 Bd7 11. b3 Bc6 12. Bb2 O-O-O 13. Nc3 h5 14. h4 Ng4
15. Nxg4 hxg4 16. O-O-O a6 17. Rhe1 g5 18. Ne2 e5 19. Nxd4 cxd4 20. hxg5 Rh2
21. Bh1 Be7 22. f4 gxf3 23. Bxf3 Bxg5+ 24. Kb1 f5 25. Bc1 Bxc1 26. Rxc1 Rg8 27.
Rc2 Rxc2 28. Kxc2 Rxg3 29. exf5 Rxf3 0-1

[Event "III Festival A"]
[Site "Ortisei - Sankt Ulrich in Groeden ITA"]
[Date "2016.06.04"]
[Round "1"]
[White "Gaehwiler, Gabriel"]
[Black "Vezzani, Stefano"]
[WhiteElo "2363"]
[BlackElo "2121"]
[Result "1-0"]
[PlyCount "129"]
[EventDate "2016.06.04"]

1. Nf3 g6 2. g3 Bg7 3. d4 d6 4. Bg2 Nf6 5. O-O O-O 6. c4 c6 7. b3 Qa5 8. Qd2
Qh5 9. Qg5 Qxg5 10. Nxg5 Na6 11. Bb2 Rb8 12. Nd2 c5 13. d5 h6 14. Ngf3 Ne8 15.
Bxg7 Nxg7 16. e4 e5 17. dxe6 Bxe6 18. Nb1 Nb4 19. Nc3 a6 20. Rfd1 Rfd8 21. Rd2
Kf8 22. Rad1 Ke7 23. Re1 Kf8 24. h3 Ne8 25. Nh2 b5 26. cxb5 axb5 27. Bf1 Nc7
28. Red1 Ke7 29. Nf3 Nc6 30. Nd5+ Bxd5 31. exd5 Na7 32. Rc1 b4 33. Bc4 Kf6 34.
Ne1 Ra8 35. Nc2 Nab5 36. Ne3 Ra7 37. Re1 Nd4 38. Kg2 h5 39. g4 Rda8 40. Ra1
Ncb5 41. Bxb5 Nxb5 42. Nc4 hxg4 43. hxg4 Re8 44. Rh1 Rea8 45. Rh7 Rxa2 46. Rd3
Rf8 47. Re3 Rc2 48. Nb6 Rd8 49. Rf3+ Kg5 50. Rfxf7 Kxg4 51. Nc4 Re8 52. Rh3 Kg5
53. Rg3+ Kh6 54. Rh3+ Kg5 55. Ne3 Rxe3 56. Rxe3 Nd4 57. Rg3+ Kh6 58. Rh3+ Kg5
59. Rg3+ Kh6 60. Rf6 Nf5 61. Rgxg6+ Kh7 62. Rg5 Nd4 63. Rf4 Kh6 64. Rg3 Rc3 65.
Rh4# 1-0

[Event "III Festival A"]
[Site "Ortisei - Sankt Ulrich in Groeden ITA"]
[Date "2016.06.04"]
[Round "1"]
[White "Gueci, Tea"]
[Black "Prasanna, Raghuram Rao"]
[WhiteElo "2177"]
[BlackElo "2466"]
[Result "1/2-1/2"]
[PlyCount "93"]
[EventDate "2016.06.04"]

1. e4 e5 2. Nf3 Nc6 3. Bb5 a6 4. Ba4 Nf6 5. Qe2 b5 6. Bb3 Be7 7. c3 O-O 8. O-O
d5 9. d3 Be6 10. Rd1 Re8 11. Nbd2 h6 12. Nf1 Bf8 13. h3 Qd7 14. g4 Rad8 15. Ng3
Qc8 16. Be3 a5 17. Kh2 a4 18. Bc2 dxe4 19. dxe4 Bc4 20. Bd3 Na5 21. g5 hxg5 22.
Bxg5 Qe6 23. Bxc4 Nxc4 24. b3 Nd6 25. Rg1 Be7 26. Rg2 Kf8 27. Rag1 axb3 28.
axb3 Qxb3 29. Bxf6 Bxf6 30. Nh5 Qc4 31. Qxc4 Nxc4 32. Nxg7 Bxg7 33. Rxg7 Rd3
34. Nh4 Nd6 35. R1g5 Rxc3 36. Rg8+ Ke7 37. Rxe5+ Kd7 38. Rgxe8 Nxe8 39. Rxb5
Nd6 40. Rd5 Ke6 41. f3 c6 42. Rh5 c5 43. Nf5 Rxf3 44. Ng7+ Kd7 45. Rxc5 Nxe4
46. Rf5 Rxf5 47. Nxf5 1/2-1/2

[Event "III Festival A"]
[Site "Ortisei - Sankt Ulrich in Groeden ITA"]
[Date "2016.06.04"]
[Round "1"]
[White "Karl, Hans"]
[Black "Herzog, Adolf"]
[WhiteElo "2100"]
[BlackElo "2358"]
[Result "1/2-1/2"]
[PlyCount "101"]
[EventDate "2016.06.04"]

1. d4 d5 2. c4 c6 3. Nc3 Nf6 4. e3 a6 5. Nf3 b5 6. b3 Bg4 7. Be2 e6 8. O-O Nbd7
9. h3 Bh5 10. Ne5 Bxe2 11. Qxe2 Rc8 12. Bb2 Bd6 13. f4 O-O 14. c5 Bb8 15. b4
Ne4 16. Qd3 Nxc3 17. Bxc3 Nf6 18. a4 Ne4 19. axb5 Bxe5 20. dxe5 axb5 21. f5 Qg5
22. f6 gxf6 23. exf6 Kh8 24. Rf4 Rg8 25. Rg4 Qh6 26. Ra7 Rxg4 27. hxg4 Rf8 28.
Be5 Qg5 29. Bd6 Rg8 30. Rxf7 Qxg4 31. Qf1 Nd2 32. Rg7 Rxg7 33. fxg7+ Qxg7 34.
Qf4 Nc4 35. Qh4 h6 36. Bf4 Kh7 37. Qh3 Qf6 38. Bd6 Nd2 39. Bf4 Ne4 40. Qh5 Qg7
41. Qe8 Nc3 42. Qxe6 Ne2+ 43. Kh2 Nxf4 44. exf4 Qg6 45. Qd7+ Kg8 46. Qd8+ Kg7
47. Qd7+ Kg8 48. Qd8+ Kg7 49. Qd7+ Kg8 50. Qd8+ Kg7 51. Qd7+ 1/2-1/2

[Event "III Festival A"]
[Site "Ortisei - Sankt Ulrich in Groeden ITA"]
[Date "2016.06.04"]
[Round "1"]
[White "Kindermann, Stefan"]
[Black "Bernardi, Ruben"]
[WhiteElo "2515"]
[BlackElo "2189"]
[Result "1/2-1/2"]
[PlyCount "85"]
[EventDate "2016.06.04"]

1. d4 Nf6 2. Bg5 c5 3. d5 e6 4. Nc3 Qb6 5. Qd2 Nxd5 6. Nxd5 exd5 7. O-O-O d6 8.
Qxd5 Be6 9. Qe4 Nc6 10. e3 h6 11. Bh4 Be7 12. Bxe7 Nxe7 13. Qa4+ Bd7 14. Qf4 d5
15. Nf3 g5 16. Qe5 f6 17. Qc3 O-O-O 18. h4 g4 19. Ne1 Kb8 20. Nd3 Rc8 21. Nf4
Qd6 22. g3 Bc6 23. Bg2 Rhd8 24. Qa3 c4 25. Qxd6+ Rxd6 26. c3 Rcd8 27. Rd4 f5
28. Rhd1 b5 29. b3 Kb7 30. bxc4 bxc4 31. R4d2 Kb6 32. Ne2 Kc5 33. Nd4 Ba4 34.
Rf1 Rb8 35. Rb2 Rxb2 36. Kxb2 Rb6+ 37. Kc1 Ng6 38. f4 Ne7 39. Rf2 Bd7 40. Rd2
Rd6 41. Rb2 Rb6 42. Rd2 Rd6 43. Rb2 1/2-1/2

[Event "III Festival A"]
[Site "Ortisei - Sankt Ulrich in Groeden ITA"]
[Date "2016.06.04"]
[Round "1"]
[White "Ledger, Andrew J"]
[Black "Martinez, Ayelen"]
[WhiteElo "2380"]
[BlackElo "2146"]
[Result "1/2-1/2"]
[PlyCount "81"]
[EventDate "2016.06.04"]

1. Nf3 Nf6 2. c4 g6 3. g3 Bg7 4. Bg2 d6 5. O-O e5 6. Nc3 O-O 7. d3 Nbd7 8. Rb1
c6 9. b4 d5 10. b5 Re8 11. bxc6 bxc6 12. Nd2 Nb6 13. a4 Be6 14. a5 Nbd7 15. Qa4
Nc5 16. Qxc6 Rc8 17. Qb5 Bd7 18. Qb4 e4 19. d4 Na6 20. Qa3 dxc4 21. Rb7 Bf8 22.
Qb2 Qxa5 23. Ndxe4 Nxe4 24. Nxe4 Rxe4 25. Bxe4 c3 26. Qb3 Be6 27. Qb5 Qa2 28.
Rxa7 Bc4 29. Qd7 Qxe2 30. Bg2 Qe8 31. Be3 Qxd7 32. Rxd7 Bxf1 33. Bxf1 Nb4 34.
Ra7 h5 35. Ra1 Nc2 36. Rc1 Nxe3 37. fxe3 Bb4 38. Bd3 Ra8 39. Bc4 Kg7 40. Kf2
Rc8 41. Bd3 1/2-1/2

[Event "III Festival A"]
[Site "Ortisei - Sankt Ulrich in Groeden ITA"]
[Date "2016.06.04"]
[Round "1"]
[White "Nabaty, Tamir"]
[Black "Pedersen, Henrik Bolding"]
[WhiteElo "2610"]
[BlackElo "2206"]
[Result "1-0"]
[PlyCount "67"]
[EventDate "2016.06.04"]

1. d4 e6 2. Bf4 f5 3. g4 Nf6 4. gxf5 exf5 5. Nf3 b6 6. Qd3 g6 7. Nc3 Bb7 8.
O-O-O Na6 9. d5 Nc5 10. Qd4 Bg7 11. d6 O-O 12. dxc7 Qe8 13. Be5 Ne6 14. Qc4 Rf7
15. Nb5 d5 16. Qb4 a5 17. Qd6 Qxb5 18. Qxe6 Re8 19. e3 Qb4 20. Qd6 Qxd6 21.
Bxd6 Ne4 22. Bg3 Nxg3 23. hxg3 d4 24. Bg2 Rxc7 25. exd4 Be4 26. c3 h5 27. Ne1
Bxg2 28. Nxg2 Bh6+ 29. f4 b5 30. Rhe1 Rec8 31. Kc2 b4 32. Ne3 bxc3 33. Nd5
cxb2+ 34. Nxc7 1-0

[Event "III Festival A"]
[Site "Ortisei - Sankt Ulrich in Groeden ITA"]
[Date "2016.06.04"]
[Round "1"]
[White "Nisipeanu, Liviu-Dieter"]
[Black "Seresin, Francesco"]
[WhiteElo "2668"]
[BlackElo "2215"]
[Result "1-0"]
[PlyCount "65"]
[EventDate "2016.06.04"]

1. d4 d5 2. Nf3 Nf6 3. Bf4 c5 4. e3 Nc6 5. Nbd2 cxd4 6. exd4 Bg4 7. c3 Qb6 8.
Qb3 e6 9. Ne5 Nxe5 10. Bxe5 Qxb3 11. axb3 Nd7 12. Bg3 Be7 13. b4 O-O 14. Nb3 f6
15. Na5 e5 16. dxe5 fxe5 17. Nxb7 h5 18. h3 h4 19. Bh2 Be6 20. Bb5 d4 21. O-O
dxc3 22. bxc3 e4 23. Rfd1 Nb6 24. Bd6 Rf7 25. Nc5 Bd5 26. Bxe7 Rxe7 27. Rxd5
Nxd5 28. Bc4 Rd8 29. Rd1 Re5 30. Ne6 Rxe6 31. Rxd5 Rde8 32. Re5 Kf7 33. Rxe4
1-0

[Event "III Festival A"]
[Site "Ortisei - Sankt Ulrich in Groeden ITA"]
[Date "2016.06.04"]
[Round "1"]
[White "Paltrinieri, Nicholas"]
[Black "Bogner, Sebastian"]
[WhiteElo "2198"]
[BlackElo "2527"]
[Result "0-1"]
[PlyCount "74"]
[EventDate "2016.06.04"]

1. d4 Nf6 2. Bg5 d5 3. Bxf6 exf6 4. e3 Bd6 5. g3 c6 6. Bg2 h5 7. h4 Bg4 8. Qd3
Na6 9. Ne2 Qb6 10. f3 Qxb2 11. O-O Nb4 12. Qa3 Qxc2 13. Nbc3 Be6 14. e4 Be7 15.
Rab1 a5 16. Rfd1 Nd3 17. Qa4 Qxa4 18. Nxa4 dxe4 19. fxe4 Bxa2 20. Rxb7 Nb4 21.
Nb6 Rd8 22. Nc3 Bb3 23. Rb1 Bc2 24. Ra1 Rxd4 25. Rxa5 Bd8 26. Kh2 Nd3 27. Ra8
Ne1 28. Ncd5 O-O 29. Rd7 Bxb6 30. Nxb6 Rxd7 31. Rxf8+ Kxf8 32. Nxd7+ Ke7 33.
Nc5 Kd6 34. Nb7+ Kc7 35. Nc5 Nxg2 36. Kxg2 Kd6 37. Nb7+ Ke5 0-1

[Event "III Festival A"]
[Site "Ortisei - Sankt Ulrich in Groeden ITA"]
[Date "2016.06.04"]
[Round "1"]
[White "Paulet, Iozefina"]
[Black "Neverov, Valeriy"]
[WhiteElo "2187"]
[BlackElo "2507"]
[Result "0-1"]
[PlyCount "112"]
[EventDate "2016.06.04"]

1. e4 c5 2. Nf3 d6 3. Bb5+ Nd7 4. c3 Ngf6 5. Qe2 a6 6. Ba4 b5 7. Bc2 e5 8. O-O
Be7 9. d4 O-O 10. b4 cxd4 11. cxd4 exd4 12. Nxd4 Bb7 13. Nf5 Re8 14. Bg5 Rc8
15. a4 Bf8 16. Bd3 h6 17. Bh4 g5 18. axb5 Bxe4 19. Bxe4 Rxe4 20. Qd2 gxh4 21.
bxa6 Ne5 22. b5 Qb6 23. Nc3 Rec4 24. Rfc1 h3 25. Qe3 Ned7 26. Qxh3 Qc5 27.
Nxh6+ Bxh6 28. Qxh6 Rxc3 29. Rxc3 Qxc3 30. Qg5+ Kf8 31. Rd1 Qe5 32. Qd2 Qxb5
33. Qxd6+ Kg7 34. a7 Ne5 35. h3 Ra8 36. Ra1 Qb2 37. Re1 Ng6 38. Qa6 Qd4 39. Ra1
Qd5 40. Ra5 Qe4 41. f3 Qe3+ 42. Kh2 Qf4+ 43. Kg1 Qc1+ 44. Kh2 Qc7+ 45. Kg1 Ne5
46. Kh1 Qc1+ 47. Kh2 Qf4+ 48. Kg1 Nxf3+ 49. gxf3 Qg3+ 50. Kf1 Qxf3+ 51. Kg1
Qg3+ 52. Kf1 Qxh3+ 53. Kg1 Qg3+ 54. Kf1 Re8 55. Ra1 Qf3+ 56. Kg1 Rh8 0-1

[Event "III Festival A"]
[Site "Ortisei - Sankt Ulrich in Groeden ITA"]
[Date "2016.06.04"]
[Round "1"]
[White "Pijpers, Arthur"]
[Black "Johnsen, Gunnar"]
[WhiteElo "2471"]
[BlackElo "2178"]
[Result "1/2-1/2"]
[PlyCount "79"]
[EventDate "2016.06.04"]

1. e4 e6 2. d4 d5 3. Nc3 Bb4 4. e5 Ne7 5. a3 Bxc3+ 6. bxc3 c5 7. Qg4 cxd4 8.
Qxg7 Rg8 9. Qxh7 Qc7 10. Ne2 Nbc6 11. f4 dxc3 12. Qd3 Bd7 13. h4 O-O-O 14. h5
d4 15. Rb1 f6 16. exf6 Nd5 17. Nxd4 Nxf4 18. Qxc3 Nd5 19. Qd3 Qe5+ 20. Ne2 Qxf6
21. c4 Nde7 22. Qb3 Na5 23. Qf3 Qxf3 24. gxf3 Bc6 25. h6 Bxf3 26. Rh2 Be4 27.
Rb5 Nac6 28. Bb2 e5 29. Bh3+ Bf5 30. h7 Rgf8 31. Bxf5+ Nxf5 32. Rxe5 Nxe5 33.
Bxe5 Ne3 34. Nd4 Ng4 35. Ne6 Nxh2 36. Nxf8 Rxf8 37. Ke2 Ng4 38. h8=Q Rxh8 39.
Bxh8 Nh6 40. Kd3 1/2-1/2

[Event "III Festival A"]
[Site "Ortisei - Sankt Ulrich in Groeden ITA"]
[Date "2016.06.04"]
[Round "1"]
[White "Sprenger, Jan Michael"]
[Black "Nelson, Jonathan P"]
[WhiteElo "2506"]
[BlackElo "2183"]
[Result "1-0"]
[PlyCount "127"]
[EventDate "2016.06.04"]

1. e4 e6 2. d4 d5 3. Nd2 Nf6 4. e5 Nfd7 5. Bd3 c5 6. c3 Nc6 7. Ne2 Qb6 8. Nf3
cxd4 9. cxd4 f6 10. exf6 Nxf6 11. O-O Bd6 12. b3 O-O 13. Bb2 Nb4 14. Bb1 Bd7
15. Re1 Rac8 16. Nc3 g6 17. a3 Nc6 18. Na4 Qc7 19. Ne5 Bxe5 20. dxe5 Nh5 21.
Nc5 Na5 22. Nxd7 Qxd7 23. Bd3 Qf7 24. Bd4 b6 25. Ra2 Nc6 26. Ba1 Nf4 27. Bf1
Qf5 28. f3 Na5 29. b4 Nc4 30. Bd4 Rf7 31. Kh1 Qg5 32. g3 Nh5 33. Bh3 Ng7 34. f4
Qh6 35. Qg4 Nf5 36. Bf2 Qf8 37. Qe2 Ng7 38. Bg2 Rfc7 39. Rd1 Qf5 40. h4 Qf8 41.
Kh2 Kh8 42. Qd3 Qf5 43. a4 Qf8 44. Rb1 Nf5 45. Bh3 Ng7 46. Kg2 Qf7 47. Bg4 Nf5
48. a5 bxa5 49. bxa5 Rb7 50. Rxb7 Qxb7 51. a6 Qa8 52. h5 Rc6 53. hxg6 hxg6 54.
Bf3 Qc8 55. g4 Nce3+ 56. Bxe3 Rc3 57. Qb5 Nh4+ 58. Kf2 Nxf3 59. Qb7 Qc4 60.
Qb8+ Kh7 61. Qxa7+ Kg8 62. Rb2 Rc2+ 63. Rxc2 Qxc2+ 64. Kxf3 1-0

[Event "III Festival A"]
[Site "Ortisei - Sankt Ulrich in Groeden ITA"]
[Date "2016.06.04"]
[Round "1"]
[White "Tscharotschkin, Michael"]
[Black "Vocaturo, Daniele"]
[WhiteElo "2205"]
[BlackElo "2576"]
[Result "0-1"]
[PlyCount "52"]
[EventDate "2016.06.04"]

1. e4 e5 2. Nf3 Nc6 3. d4 exd4 4. c3 d5 5. exd5 Qxd5 6. cxd4 Bg4 7. Be2 O-O-O
8. Nc3 Qd7 9. d5 Bxf3 10. Bxf3 Ne5 11. O-O Bb4 12. Bf4 Bxc3 13. bxc3 Nxf3+ 14.
Qxf3 Nf6 15. c4 Qf5 16. Rfe1 Rhe8 17. Re3 Rxe3 18. Qxe3 Re8 19. Qc1 Qd3 20. Bg5
Ne4 21. Qe3 Qxc4 22. Rc1 Qxd5 23. Bf4 Nd6 24. Qxa7 Nb5 25. Qa8+ Kd7 26. Qa4 Re4
0-1

[Event "III Festival A"]
[Site "Ortisei - Sankt Ulrich in Groeden ITA"]
[Date "2016.06.04"]
[Round "1"]
[White "Werle, Jan"]
[Black "Curien, Nicolas"]
[WhiteElo "2563"]
[BlackElo "2198"]
[Result "1-0"]
[PlyCount "55"]
[EventDate "2016.06.04"]

1. d4 e6 2. c4 Bb4+ 3. Nd2 Nf6 4. a3 Be7 5. Ngf3 O-O 6. e3 b6 7. Bd3 Bb7 8. e4
d5 9. cxd5 exd5 10. e5 Ne4 11. Qc2 f5 12. exf6 Bxf6 13. O-O Re8 14. Re1 Qe7 15.
Nxe4 dxe4 16. Bf4 Na6 17. Bb5 Rad8 18. Bxe8 Qxe8 19. Qc4+ Kf8 20. Ne5 b5 21.
Qc3 c5 22. dxc5 Rd3 23. Qc2 Bxe5 24. Bxe5 Bd5 25. Bxg7+ Kf7 26. Qxd3 exd3 27.
Rxe8 Kxe8 28. Rd1 1-0

[Event "III Festival A"]
[Site "Ortisei - Sankt Ulrich in Groeden ITA"]
[Date "2016.06.04"]
[Round "1"]
[White "Zucchelli, Massimo"]
[Black "Lodici, Lorenzo"]
[WhiteElo "2145"]
[BlackElo "2379"]
[Result "0-1"]
[PlyCount "106"]
[EventDate "2016.06.04"]

1. d4 f5 2. g3 Nf6 3. Bg2 g6 4. c3 Bg7 5. Qb3 Nc6 6. Nd2 d5 7. Nh3 e5 8. dxe5
Nxe5 9. O-O O-O 10. Nf4 c6 11. Nf3 Nc4 12. Nd4 Re8 13. Qc2 Ne4 14. e3 Qf6 15.
Rb1 Qf7 16. b3 Ncd6 17. f3 Nf6 18. Ba3 Bf8 19. Rbe1 Bd7 20. Nd3 b6 21. f4 Ng4
22. Bc1 Bg7 23. h3 Nh6 24. Nf3 Qe7 25. Bb2 Nhf7 26. c4 Bxb2 27. Nxb2 dxc4 28.
Nxc4 Nxc4 29. Qxc4 Rac8 30. Ng5 h6 31. Nxf7 Qxf7 32. Qxf7+ Kxf7 33. Rd1 Red8
34. Kf2 c5 35. Rd6 Be6 36. Rfd1 Rxd6 37. Rxd6 c4 38. bxc4 Rxc4 39. Rd2 Ra4 40.
Bf3 Ke7 41. g4 a5 42. gxf5 gxf5 43. Bd5 Bxd5 44. Rxd5 Rxa2+ 45. Kf3 Rb2 46.
Rxf5 a4 47. Re5+ Kf6 48. Re8 Rb5 49. Rc8 a3 50. Rc2 Ra5 51. Rc1 b5 52. Ke4 b4
53. Kd3 b3 0-1

[Event "III Festival A"]
[Site "Ortisei - Sankt Ulrich in Groeden ITA"]
[Date "2016.06.05"]
[Round "2"]
[White "Bernardi, Ruben"]
[Black "Pijpers, Arthur"]
[WhiteElo "2189"]
[BlackElo "2471"]
[Result "0-1"]
[PlyCount "132"]
[EventDate "2016.06.04"]

1. e4 e6 2. d4 d5 3. Nd2 Be7 4. Bd3 c5 5. c3 cxd4 6. cxd4 dxe4 7. Nxe4 Nf6 8.
Nf3 Bd7 9. O-O Bc6 10. Qe2 Qd5 11. Re1 Nxe4 12. Bxe4 Qxe4 13. Qxe4 Bxe4 14.
Rxe4 Nc6 15. Re2 O-O 16. Be3 Rfd8 17. a3 Rd5 18. Rc1 Bf6 19. Rec2 Rad8 20. Kf1
g6 21. Rc4 a6 22. Ke2 Kg7 23. g3 g5 24. h3 h5 25. g4 hxg4 26. hxg4 Nxd4+ 27.
Nxd4 Bxd4 28. Bxd4+ Rxd4 29. Rxd4 Rxd4 30. f3 a5 31. Rc7 b5 32. Ra7 a4 33. Rb7
Rd5 34. Ke3 Kg6 35. Rb6 Kf6 36. Ke4 Rc5 37. Kd4 Re5 38. Rb7 Rd5+ 39. Ke4 Kg6
40. Rb6 f6 41. Ke3 Kf7 42. Rb7+ Kg6 43. Rb6 Kf7 44. Rb7+ Ke8 45. f4 gxf4+ 46.
Kxf4 Rd4+ 47. Ke3 Rxg4 48. Rxb5 Kd7 49. Rb6 f5 50. Kf3 Ke7 51. Rb8 Rh4 52. Ra8
Kf6 53. Ra6 Rh3+ 54. Ke2 Rh2+ 55. Ke3 Rxb2 56. Rxa4 e5 57. Ra8 Rb3+ 58. Kf2 Kg5
59. a4 Kf4 60. Rh8 Rb2+ 61. Ke1 Ke4 62. Rc8 Ra2 63. Rc4+ Kd3 64. Rh4 e4 65. Kf1
e3 66. Rh3 f4 0-1

[Event "III Festival A"]
[Site "Ortisei - Sankt Ulrich in Groeden ITA"]
[Date "2016.06.05"]
[Round "2"]
[White "Bjerre, Jonas"]
[Black "Cunningham, Robin"]
[WhiteElo "2410"]
[BlackElo "2248"]
[Result "1/2-1/2"]
[PlyCount "49"]
[EventDate "2016.06.04"]

1. e4 c6 2. d4 d5 3. Nc3 dxe4 4. Nxe4 Nd7 5. Bc4 Ngf6 6. Nxf6+ Nxf6 7. c3 Qc7
8. Qf3 Bg4 9. Qg3 Qxg3 10. hxg3 g6 11. Nf3 Bxf3 12. gxf3 Bg7 13. Bg5 h6 14. Bd2
h5 15. O-O-O e6 16. a4 a5 17. Bb3 O-O 18. c4 b5 19. axb5 cxb5 20. cxb5 a4 21.
Bc2 Nd5 22. Bc3 Rfb8 23. Bd3 a3 24. Kc2 axb2 25. Bxb2 1/2-1/2

[Event "III Festival A"]
[Site "Ortisei - Sankt Ulrich in Groeden ITA"]
[Date "2016.06.05"]
[Round "2"]
[White "Bogner, Sebastian"]
[Black "Blohberger, Felix"]
[WhiteElo "2527"]
[BlackElo "2300"]
[Result "1-0"]
[PlyCount "73"]
[EventDate "2016.06.04"]

1. Nf3 Nf6 2. c4 e6 3. g3 b6 4. Bg2 Bb7 5. O-O c5 6. Nc3 Be7 7. b3 O-O 8. Bb2
d6 9. e3 Nbd7 10. d3 Rc8 11. Qe2 Qc7 12. Nh4 Ne5 13. f4 Ng6 14. Bxb7 Qxb7 15.
Ng2 d5 16. g4 Rfd8 17. g5 Ne8 18. f5 Nf8 19. Qf3 Bxg5 20. fxe6 Nxe6 21. Nxd5
Rd7 22. Rf2 b5 23. Raf1 bxc4 24. bxc4 Qa6 25. Qg4 Qd6 26. Nh4 Bxh4 27. Qxh4 Rb8
28. Rg2 Rbb7 29. Qe4 a6 30. Be5 Qf8 31. Kh1 g6 32. Bc3 Qh6 33. Rgf2 a5 34. Bxa5
Qg5 35. Bc3 Qh6 36. a4 Rb8 37. Qe5 1-0

[Event "III Festival A"]
[Site "Ortisei - Sankt Ulrich in Groeden ITA"]
[Date "2016.06.05"]
[Round "2"]
[White "Castellanos Rodriguez, Renier"]
[Black "De Santis, Alessio"]
[WhiteElo "2484"]
[BlackElo "2275"]
[Result "1/2-1/2"]
[PlyCount "89"]
[EventDate "2016.06.04"]

1. e4 b6 2. d4 Bb7 3. Bd3 g6 4. Nf3 Bg7 5. O-O d6 6. Re1 Nd7 7. Nbd2 e6 8. Nf1
Ne7 9. c3 a6 10. Bf4 h6 11. Ng3 e5 12. Be3 c5 13. Qd2 Qc7 14. h3 Rd8 15. Qe2
Qc8 16. a4 O-O 17. dxe5 Nxe5 18. Nxe5 dxe5 19. b4 f5 20. exf5 Nxf5 21. b5 a5
22. Ne4 Qa8 23. f3 Nd6 24. Nxd6 Rxd6 25. Rad1 Rfd8 26. Bf2 e4 27. Bxe4 Bxe4 28.
Rxd6 Rxd6 29. fxe4 Be5 30. Qe3 Kg7 31. Bg3 Qe8 32. Bf4 g5 33. Bg3 Re6 34. Rd1
Bxg3 35. Qxg3 Rxe4 36. Kh2 Rf4 37. Rd6 Rf6 38. c4 Rxd6 39. Qxd6 Qg6 40. Qc7+
Qf7 41. Qxb6 Qf4+ 42. Kh1 Qf1+ 43. Kh2 Qf4+ 44. Kh1 Qf1+ 45. Kh2 1/2-1/2